<?xml version="1.0" encoding="UTF-8"?>
<record
    xmlns:xsi="http://www.w3.org/2001/XMLSchema-instance"
    xsi:schemaLocation="http://www.loc.gov/MARC21/slim http://www.loc.gov/standards/marcxml/schema/MARC21slim.xsd"
    xmlns="http://www.loc.gov/MARC21/slim">

  <leader>01602nam a22003737a 4500</leader>
  <controlfield tag="001">36317</controlfield>
  <controlfield tag="003">Ost</controlfield>
  <controlfield tag="005">20260507154551.0</controlfield>
  <controlfield tag="008">251113s9999||||xx |||||||||||||| ||eng||</controlfield>
  <datafield tag="020" ind1=" " ind2=" ">
    <subfield code="a">9788180312014</subfield>
  </datafield>
  <datafield tag="040" ind1=" " ind2=" ">
    <subfield code="c">nitttr</subfield>
  </datafield>
  <datafield tag="082" ind1=" " ind2=" ">
    <subfield code="a">891</subfield>
    <subfield code="b">HIN-S</subfield>
  </datafield>
  <datafield tag="100" ind1=" " ind2=" ">
    <subfield code="a">Archarya Ramchandra Shukla - &#x906;&#x91A;&#x93E;&#x930;&#x94D;&#x92F; &#x930;&#x93E;&#x92E;&#x91A;&#x902;&#x926;&#x94D;&#x930; &#x936;&#x941;&#x915;&#x94D;&#x932;&#x93E;</subfield>
  </datafield>
  <datafield tag="245" ind1=" " ind2="0">
    <subfield code="a">Hindi Sahitya Ka Itihas - &#x939;&#x93F;&#x902;&#x926;&#x940; &#x938;&#x93E;&#x939;&#x93F;&#x924;&#x94D;&#x92F; &#x915;&#x93E; &#x907;&#x924;&#x93F;&#x939;&#x93E;&#x938;</subfield>
  </datafield>
  <datafield tag="250" ind1=" " ind2=" ">
    <subfield code="a">1st Ed.</subfield>
  </datafield>
  <datafield tag="260" ind1=" " ind2=" ">
    <subfield code="a">New Delhi, India</subfield>
    <subfield code="b">Lokbharti Prakashan</subfield>
    <subfield code="c">2021</subfield>
  </datafield>
  <datafield tag="300" ind1=" " ind2=" ">
    <subfield code="a">xxvii, </subfield>
  </datafield>
  <datafield tag="650" ind1=" " ind2=" ">
    <subfield code="a"> &#x906;&#x926;&#x93F;&#x915;&#x93E;&#x932;</subfield>
  </datafield>
  <datafield tag="650" ind1=" " ind2=" ">
    <subfield code="a"> &#x906;&#x927;&#x941;&#x928;&#x93F;&#x915; &#x915;&#x93E;&#x932; </subfield>
  </datafield>
  <datafield tag="650" ind1=" " ind2=" ">
    <subfield code="a"> &#x910;&#x924;&#x93F;&#x939;&#x93E;&#x938;&#x93F;&#x915; &#x926;&#x943;&#x937;&#x94D;&#x91F;&#x93F;&#x915;&#x94B;&#x923;</subfield>
  </datafield>
  <datafield tag="650" ind1=" " ind2=" ">
    <subfield code="a"> &#x915;&#x93E;&#x935;&#x94D;&#x92F; &#x914;&#x930; &#x917;&#x926;&#x94D;&#x92F; &#x92A;&#x930;&#x902;&#x92A;&#x930;&#x93E; </subfield>
  </datafield>
  <datafield tag="650" ind1=" " ind2=" ">
    <subfield code="a"> &#x92A;&#x94D;&#x930;&#x92E;&#x941;&#x916; &#x939;&#x93F;&#x902;&#x926;&#x940; &#x915;&#x935;&#x93F; &#x914;&#x930; &#x932;&#x947;&#x916;&#x915; </subfield>
  </datafield>
  <datafield tag="650" ind1=" " ind2=" ">
    <subfield code="a"> &#x92D;&#x915;&#x94D;&#x924;&#x93F;&#x915;&#x93E;&#x932;</subfield>
  </datafield>
  <datafield tag="650" ind1=" " ind2=" ">
    <subfield code="a"> &#x92D;&#x93E;&#x930;&#x924;&#x940;&#x92F; &#x938;&#x902;&#x938;&#x94D;&#x915;&#x943;&#x924;&#x93F; &#x914;&#x930; &#x938;&#x93E;&#x939;&#x93F;&#x924;&#x94D;&#x92F; </subfield>
  </datafield>
  <datafield tag="650" ind1=" " ind2=" ">
    <subfield code="a"> &#x930;&#x940;&#x924;&#x93F;&#x915;&#x93E;&#x932;</subfield>
  </datafield>
  <datafield tag="650" ind1=" " ind2=" ">
    <subfield code="a"> &#x938;&#x93E;&#x92E;&#x93E;&#x91C;&#x93F;&#x915; &#x914;&#x930; &#x938;&#x93E;&#x902;&#x938;&#x94D;&#x915;&#x943;&#x924;&#x93F;&#x915; &#x92A;&#x943;&#x937;&#x94D;&#x920;&#x92D;&#x942;&#x92E;&#x93F; </subfield>
  </datafield>
  <datafield tag="650" ind1=" " ind2=" ">
    <subfield code="a"> &#x938;&#x93E;&#x939;&#x93F;&#x924;&#x94D;&#x92F; &#x914;&#x930; &#x938;&#x92E;&#x93E;&#x91C; &#x915;&#x93E; &#x938;&#x902;&#x92C;&#x902;&#x927; </subfield>
  </datafield>
  <datafield tag="650" ind1=" " ind2=" ">
    <subfield code="a"> &#x938;&#x93E;&#x939;&#x93F;&#x924;&#x94D;&#x92F; &#x915;&#x93E; &#x907;&#x924;&#x93F;&#x939;&#x93E;&#x938; </subfield>
  </datafield>
  <datafield tag="650" ind1=" " ind2=" ">
    <subfield code="a"> &#x938;&#x93E;&#x939;&#x93F;&#x924;&#x94D;&#x92F;&#x93F;&#x915; &#x906;&#x932;&#x94B;&#x91A;&#x928;&#x93E; </subfield>
  </datafield>
  <datafield tag="650" ind1=" " ind2=" ">
    <subfield code="a"> &#x938;&#x93E;&#x939;&#x93F;&#x924;&#x94D;&#x92F;&#x93F;&#x915; &#x927;&#x93E;&#x930;&#x93E;&#x90F;&#x901; </subfield>
  </datafield>
  <datafield tag="650" ind1=" " ind2=" ">
    <subfield code="a"> &#x939;&#x93F;&#x902;&#x926;&#x940; &#x92D;&#x93E;&#x937;&#x93E; &#x915;&#x93E; &#x935;&#x93F;&#x915;&#x93E;&#x938; </subfield>
  </datafield>
  <datafield tag="650" ind1=" " ind2=" ">
    <subfield code="a">&#x939;&#x93F;&#x902;&#x926;&#x940; &#x938;&#x93E;&#x939;&#x93F;&#x924;&#x94D;&#x92F; &#x915;&#x93E; &#x935;&#x93F;&#x915;&#x93E;&#x938; </subfield>
  </datafield>
  <datafield tag="942" ind1=" " ind2=" ">
    <subfield code="c">BK</subfield>
  </datafield>
  <datafield tag="999" ind1=" " ind2=" ">
    <subfield code="c">213</subfield>
    <subfield code="d">213</subfield>
  </datafield>
  <datafield tag="952" ind1=" " ind2=" ">
    <subfield code="0">0</subfield>
    <subfield code="1">0</subfield>
    <subfield code="4">0</subfield>
    <subfield code="7">0</subfield>
    <subfield code="a">NITTTR</subfield>
    <subfield code="b">NITTTR</subfield>
    <subfield code="d">2026-05-07</subfield>
    <subfield code="l">0</subfield>
    <subfield code="o">891. HIN-S</subfield>
    <subfield code="p">50235</subfield>
    <subfield code="r">2026-05-07 15:45:51</subfield>
    <subfield code="w">2026-05-07</subfield>
    <subfield code="y">BK</subfield>
  </datafield>
</record>
